000 01105cam a2200325 a 4500
001 11915711
003 OSt
005 20140310182122.0
008 000217s2001 mnuab c b 001 0 eng
010 _a 00025824
020 _a9780736805827
040 _aDLC
_cDLC
_dDLC
042 _alcac
043 _an-us---
050 0 0 _aE 468
_b.G766 2001
082 0 0 _aHS 973.7
_b.G78 2001
100 1 _aGraves, Kerry A.
_914065
245 1 4 _aThe Civil War /
_cKerry A. Graves.
260 _aMankato, Minn. :
_bCapstone Books,
_cc2001.
300 _a48 p. :
_bill, ;
_c22 cm.
440 0 _aAmerica goes to war
_914054
504 _aIncludes bibliographical references and index.
541 _j1
562 _e1
650 _aUnited States, --
_vHistory--Civil War
_914066
650 _a1861-1865
_xJuvenile literature.
_914067
906 _a7
_bcbc
_corignew
_d1
_eocip
_f20
_gy-gencatlg
942 _2lcc
_cHS
999 _c9550
_d9550